| 000 | 01091cam a2200361 a 4500 | ||
|---|---|---|---|
| 001 | 4274 | ||
| 003 | FISKH | ||
| 005 | 20240711104218.0 | ||
| 008 | 950802s1995 nyua j 000 1 eng | ||
| 010 | _a 95060343 | ||
| 020 | _a0448409690 (pbk.) | ||
| 020 | _a9780448409696 | ||
| 040 |
_aDLC _cDLC _dDLC _beng |
||
| 050 | _aPZ7.C638 | ||
| 082 | _a372 | ||
| 100 | 2 |
_aCocca-Leffler, Maryann, _d1958- |
|
| 245 | 1 | 0 |
_aSilly Willy / _cby Maryann Cocca-Leffler. |
| 260 |
_aNew York : _bGrosset & Dunlap, _c1995. |
||
| 300 |
_a32 pages : _bcolor illustrations ; _c23 cm |
||
| 440 | 0 |
_aAll aboard reading. _pPicture reader |
|
| 505 | _aE | ||
| 520 | _aWilly's silliness while dressing--putting gloves on his feet and shoes on his hands--amuses his big sister. | ||
| 521 |
_a180
_bLexile NP |
||
| 521 |
_aE
_bRaz-Plus |
||
| 650 | 0 | _aRebuses. | |
| 650 | 1 |
_aSiblings _xFiction. |
|
| 650 | 1 |
_aClothing and dress _xFiction. |
|
| 650 | 1 |
_aPlay _xFiction. |
|
| 650 | 1 | _aRebuses. | |
| 906 |
_a7 _bcbc _corignew _d2 _eopcn _f19 _gy-gencatlg |
||
| 942 |
_2ddc _cBK _n0 |
||
| 999 |
_c4274 _d4274 |
||